[Event "Women's Speed Chess Main"]
[Site "chess.com INT"]
[Date "2021.06.12"]
[Round "1.11"]
[White "Koneru, Humpy"]
[Black "Assaubayeva, Bibisara"]
[Result "0-1"]
[WhiteTitle "GM"]
[BlackTitle "IM"]
[WhiteElo "2586"]
[BlackElo "2389"]
[WhiteFideId "5008123"]
[BlackFideId "13708694"]
[EventDate "2021.06.12"]

1. d4 Nf6 2. c4 c5 3. d5 g6 4. Nc3 Bg7 5. e4 d6 6. Be2 O-O 7. h3 e6 8. Nf3 exd5
9. exd5 Bf5 10. O-O Ne4 11. Nxe4 Bxe4 12. Qb3 Qb6 13. Qe3 Bxf3 14. Qxf3 Nd7 15.
Rb1 Rfe8 16. Bf4 Ne5 17. Qb3 Qxb3 18. axb3 a5 19. Rfe1 a4 20. bxa4 Rxa4 21. Bd2
Rea8 22. Rbc1 Ra2 23. Bc3 Nd7 24. Bg4 Bxc3 25. Rxc3 f5 26. Re7 Nf6 27. Bf3 Rxb2
28. Rce3 Ra1+ 29. Kh2 Rbb1 0-1

[Event "Women's Speed Chess Main"]
[Site "chess.com INT"]
[Date "2021.06.12"]
[Round "1.12"]
[White "Assaubayeva, Bibisara"]
[Black "Koneru, Humpy"]
[Result "0-1"]
[WhiteTitle "IM"]
[BlackTitle "GM"]
[WhiteElo "2389"]
[BlackElo "2586"]
[WhiteFideId "13708694"]
[BlackFideId "5008123"]
[EventDate "2021.06.12"]

1. e4 e5 2. Nf3 Nc6 3. Bc4 Bc5 4. O-O Nf6 5. d4 Bxd4 6. Nxd4 Nxd4 7. Bg5 d6 8.
f4 Be6 9. Na3 Qe7 10. c3 Bxc4 11. Nxc4 Ne6 12. Bxf6 gxf6 13. f5 Nc5 14. Qc2 O-O
15. Rf3 Kh8 16. b4 Nd7 17. Ne3 c6 18. Rd1 Rad8 19. Qd2 Nb6 20. Ng4 Rg8 21. Rg3
Qf8 22. Nxf6 Rxg3 23. hxg3 d5 24. Nh5 f6 25. g4 d4 26. g5 Nc4 27. Qe2 Ne3 28.
Rd3 fxg5 29. Qf3 h6 30. Qg3 Qe8 31. Nf6 Qe7 32. cxd4 exd4 33. Ng4 Qxe4 34. Nf2
Qf4 35. Qh3 Qh4 36. Qf3 Re8 37. f6 Nd5 38. f7 Re1# 0-1

[Event "Women's Speed Chess Main"]
[Site "chess.com INT"]
[Date "2021.06.12"]
[Round "1.13"]
[White "Koneru, Humpy"]
[Black "Assaubayeva, Bibisara"]
[Result "0-1"]
[WhiteTitle "GM"]
[BlackTitle "IM"]
[WhiteElo "2586"]
[BlackElo "2389"]
[WhiteFideId "5008123"]
[BlackFideId "13708694"]
[EventDate "2021.06.12"]

1. Nf3 Nf6 2. c4 g6 3. g3 Bg7 4. Bg2 O-O 5. O-O Nc6 6. d4 d5 7. cxd5 Nxd5 8. e4
Nb6 9. d5 Na5 10. Qc2 c6 11. dxc6 Nxc6 12. Rd1 Qe8 13. h3 Be6 14. Nc3 Rc8 15.
Bf4 Nb4 16. Qb1 Na4 17. Nd4 Bd7 18. e5 Nc5 19. g4 Nc6 20. Nf3 f5 21. exf6 exf6
22. Re1 Ne5 23. Nxe5 fxe5 24. Bg3 Bc6 25. Qd1 Rd8 26. Qe2 Bxg2 27. Kxg2 Qc6+ 28.
Kh2 Ne6 29. Rad1 Nd4 30. Qe4 Nf3+ 31. Kg2 Nxe1+ 32. Rxe1 Rd2 33. Qxc6 bxc6 34.
b3 Rc2 35. Re3 Bh6 36. Rd3 Bf4 37. Bh4 g5 38. Bg3 Bxg3 39. Kxg3 Rfxf2 40. Ne4
Rg2+ 41. Kf3 Rxa2 42. Nxg5 Raf2+ 43. Ke4 Re2+ 44. Kf5 Rgf2+ 45. Ke6 h6 46. Rd8+
Rf8 0-1

[Event "Women's Speed Chess Main"]
[Site "chess.com INT"]
[Date "2021.06.12"]
[Round "1.14"]
[White "Assaubayeva, Bibisara"]
[Black "Koneru, Humpy"]
[Result "1-0"]
[WhiteTitle "IM"]
[BlackTitle "GM"]
[WhiteElo "2389"]
[BlackElo "2586"]
[WhiteFideId "13708694"]
[BlackFideId "5008123"]
[EventDate "2021.06.12"]

1. d4 Nf6 2. c4 e6 3. Nc3 Bb4 4. f3 d5 5. a3 Bxc3+ 6. bxc3 c6 7. e4 dxe4 8. fxe4
Nxe4 9. Qg4 Nf6 10. Qxg7 Rg8 11. Qh6 Rg6 12. Qe3 Ng4 13. Qe2 c5 14. Nf3 cxd4 15.
cxd4 Nc6 16. Bb2 Qa5+ 17. Nd2 Bd7 18. h3 Nh6 19. Qf2 O-O-O 20. Bd3 f5 21. O-O-O
Qc7 22. Kb1 Qg3 23. Qxg3 Rxg3 24. Bf1 Be8 25. Nf3 Bh5 26. d5 Rxf3 27. Be2 Rf2
28. Bxh5 exd5 29. cxd5 Na5 30. Rc1+ Kd7 31. Bf3 b5 32. Bd4 Rxf3 33. gxf3 Nc4 34.
Ka2 Kd6 35. a4 a6 36. Rhd1 Nf7 37. f4 Rg8 38. Be5+ Nfxe5 39. fxe5+ Nxe5 40. axb5
axb5 41. Kb3 Nc4 42. Re1 Ne3 43. Rxe3 f4 44. Rf3 Ke5 45. Re1+ Kf5 46. Ref1 1-0

[Event "Women's Speed Chess Main"]
[Site "chess.com INT"]
[Date "2021.06.12"]
[Round "1.15"]
[White "Koneru, Humpy"]
[Black "Assaubayeva, Bibisara"]
[Result "1-0"]
[WhiteTitle "GM"]
[BlackTitle "IM"]
[WhiteElo "2586"]
[BlackElo "2389"]
[WhiteFideId "5008123"]
[BlackFideId "13708694"]
[EventDate "2021.06.12"]

1. d4 Nf6 2. c4 c5 3. d5 g6 4. Nc3 Bg7 5. g3 d6 6. Bg2 O-O 7. Nf3 e6 8. O-O exd5
9. cxd5 Re8 10. Bf4 b6 11. Re1 Ba6 12. a4 Ne4 13. Qc2 Nxc3 14. bxc3 Nd7 15. e4
Qc7 16. Rad1 c4 17. Re2 f6 18. Nd4 Nc5 19. Bh3 Nd3 20. Ne6 Rxe6 21. Bxe6+ Kh8
22. Be3 Re8 23. Bd4 Bc8 24. Bxc8 Qxc8 25. Rxd3 cxd3 26. Qxd3 Qd7 27. Qb5 Qxb5
28. axb5 f5 29. f3 fxe4 30. fxe4 Rc8 31. Kf2 Kg8 32. Ke3 Rc7 33. Rf2 Bh6+ 34.
Kd3 Bg7 35. g4 h6 36. h3 Rd7 37. Rf3 Re7 38. Rf2 Kh7 39. Bxg7 Kxg7 40. Kd4 Re8
41. h4 Re7 42. c4 Re5 43. Ra2 Re7 44. Re2 Re5 45. Rf2 Re7 46. g5 hxg5 47. hxg5
Re5 48. Rf6 Rxg5 49. Rxd6 Rg1 50. Rd7+ Kf6 51. e5+ Kf5 52. Rf7+ Kg4 53. e6 Re1
54. e7 g5 55. d6 1-0

[Event "Women's Speed Chess Main"]
[Site "chess.com INT"]
[Date "2021.06.12"]
[Round "1.16"]
[White "Assaubayeva, Bibisara"]
[Black "Koneru, Humpy"]
[Result "0-1"]
[WhiteTitle "IM"]
[BlackTitle "GM"]
[WhiteElo "2389"]
[BlackElo "2586"]
[WhiteFideId "13708694"]
[BlackFideId "5008123"]
[EventDate "2021.06.12"]

1. e4 e5 2. Nf3 Nf6 3. Nxe5 d6 4. Nc4 Nxe4 5. Qe2 Qe7 6. Ne3 Nf6 7. b3 Nc6 8.
Bb2 Be6 9. g3 O-O-O 10. Bg2 d5 11. d4 Qd7 12. Nd2 Bb4 13. c3 Bd6 14. O-O-O Rhe8
15. Kb1 Ng4 16. Ka1 Nxe3 17. fxe3 Bg4 18. Bf3 Bxf3 19. Qxf3 Qe6 20. Rhf1 Rd7 21.
Rde1 Rde7 22. e4 Qg6 23. e5 f6 24. Qxd5 fxe5 25. Rc1 exd4 26. Nc4 d3 27. Nxd6+
Qxd6 28. Qxd6 cxd6 29. c4 Re2 30. Rfd1 Nb4 31. Bxg7 d2 32. Rc3 Re1 0-1

[Event "Women's Speed Chess Main"]
[Site "chess.com INT"]
[Date "2021.06.12"]
[Round "1.17"]
[White "Koneru, Humpy"]
[Black "Assaubayeva, Bibisara"]
[Result "0-1"]
[WhiteTitle "GM"]
[BlackTitle "IM"]
[WhiteElo "2586"]
[BlackElo "2389"]
[WhiteFideId "5008123"]
[BlackFideId "13708694"]
[EventDate "2021.06.12"]

1. d4 Nf6 2. c4 g6 3. g3 Bg7 4. Bg2 O-O 5. Nc3 Nc6 6. e3 d6 7. Nge2 e5 8. O-O
Bd7 9. h3 Re8 10. d5 Ne7 11. e4 Rf8 12. Bg5 h6 13. Be3 Ne8 14. Qd2 Kh7 15. f4 f5
16. fxe5 dxe5 17. c5 Nf6 18. d6 cxd6 19. cxd6 Nc6 20. Kh2 Be6 21. Rad1 Qd7 22.
exf5 gxf5 23. Nb5 Ne4 24. Qe1 Rad8 25. g4 a6 26. Nc7 Nxd6 27. Nxe6 Qxe6 28. gxf5
Nxf5 29. Be4 Rxd1 30. Qxd1 Kh8 31. Bc5 Nfe7 32. Rxf8+ Bxf8 33. Qf1 Bg7 34. Nc3
Nd4 35. Qg2 Nef5 36. Bxb7 Qf6 37. Be4 Ne3 0-1

[Event "Women's Speed Chess Main"]
[Site "chess.com INT"]
[Date "2021.06.12"]
[Round "1.21"]
[White "Assaubayeva, Bibisara"]
[Black "Koneru, Humpy"]
[Result "0-1"]
[WhiteTitle "IM"]
[BlackTitle "GM"]
[WhiteElo "2389"]
[BlackElo "2586"]
[WhiteFideId "13708694"]
[BlackFideId "5008123"]
[EventDate "2021.06.12"]

1. d4 d5 2. c4 e6 3. Nc3 Nf6 4. cxd5 Nxd5 5. e4 Nxc3 6. bxc3 c5 7. Rb1 cxd4 8.
cxd4 Be7 9. Nf3 O-O 10. Bc4 Nd7 11. O-O Nf6 12. Qe2 b6 13. Bb2 Bb7 14. Bd3 Rc8
15. Rbd1 Qc7 16. Rfe1 Bb4 17. Rf1 Be7 18. Rc1 Qf4 19. g3 Qg4 20. Rce1 Bb4 21.
Ne5 Qxe2 22. Rxe2 Bc3 23. Bxc3 Rxc3 24. Bb1 Ba6 25. Ree1 Bxf1 26. Kxf1 Rfc8 27.
Bd3 Rc1 28. Rxc1 Rxc1+ 29. Ke2 Ra1 30. Bc4 Nxe4 31. Bb3 Kf8 32. Ke3 Nc3 33. Nc6
a5 34. Ne5 Ke7 35. Kd3 Nxa2 36. d5 Nb4+ 37. Ke4 exd5+ 38. Kf4 f6 39. Nf3 a4 0-1

[Event "Women's Speed Chess Main"]
[Site "chess.com INT"]
[Date "2021.06.12"]
[Round "1.22"]
[White "Koneru, Humpy"]
[Black "Assaubayeva, Bibisara"]
[Result "0-1"]
[WhiteTitle "GM"]
[BlackTitle "IM"]
[WhiteElo "2586"]
[BlackElo "2389"]
[WhiteFideId "5008123"]
[BlackFideId "13708694"]
[EventDate "2021.06.12"]

1. Nf3 Nf6 2. g3 g6 3. Bg2 Bg7 4. O-O O-O 5. b3 d5 6. Bb2 c5 7. c4 d4 8. b4 Nc6
9. b5 Na5 10. d3 Qc7 11. Nbd2 e5 12. e4 b6 13. Nb3 Nb7 14. Nc1 Ne8 15. Ne2 Nbd6
16. Nd2 Bb7 17. f4 f5 18. fxe5 Bxe5 19. Nf3 Bg7 20. Nf4 fxe4 21. Ne6 Qe7 22.
Nxf8 exf3 23. Bxf3 Bxf8 24. Bxb7 Qxb7 25. Qg4 Ng7 26. Rae1 Ngf5 27. Bc1 Bg7 28.
Bf4 Qd7 29. Bxd6 Qxd6 30. Re4 Ne3 31. Qf3 Nxf1 32. Qxf1 Rf8 33. Qe2 Bh6 0-1

[Event "Women's Speed Chess Main"]
[Site "chess.com INT"]
[Date "2021.06.12"]
[Round "1.23"]
[White "Assaubayeva, Bibisara"]
[Black "Koneru, Humpy"]
[Result "1-0"]
[WhiteTitle "IM"]
[BlackTitle "GM"]
[WhiteElo "2389"]
[BlackElo "2586"]
[WhiteFideId "13708694"]
[BlackFideId "5008123"]
[EventDate "2021.06.12"]

1. d4 Nf6 2. c4 e6 3. Nc3 d5 4. cxd5 Nxd5 5. e4 Nxc3 6. bxc3 c5 7. Rb1 cxd4 8.
cxd4 Be7 9. Nf3 O-O 10. Bc4 Nd7 11. O-O Nf6 12. Qe2 b6 13. Bg5 Bb7 14. Bd3 Rc8
15. Rfe1 h6 16. Bf4 Nh5 17. Bd2 Nf6 18. h3 Qd7 19. e5 Nd5 20. Qe4 Nf6 21. Qf4
Nd5 22. Qg4 Kh8 23. Qh5 f5 24. exf6 Nxf6 25. Ne5 Nxh5 26. Nxd7 Rfd8 27. Ne5 Kg8
28. Bg6 Nf6 29. Bf7+ Kh7 30. Bxe6 Rc7 31. Be3 Bd5 32. Bf5+ Kg8 33. Rbc1 Rxc1 34.
Rxc1 Bd6 35. a4 a6 36. Bd3 Ra8 37. Bc4 Kf8 38. Bxd5 Nxd5 39. Rc6 Rd8 40. Nc4
Nxe3 41. fxe3 Bg3 42. Nxb6 Re8 43. Rc8 Rxc8 44. Nxc8 Ke8 45. Kf1 Kd7 46. Nb6+
Kc6 47. Nc4 Kd5 48. Nd2 Bd6 49. Ke2 Bb4 50. Kd3 g5 51. e4+ Kc6 52. Nf3 a5 53.
Kc4 Kd6 54. e5+ Ke6 55. g4 Kf7 56. d5 Ke7 57. Nd4 Kf7 58. Nf5 Kg6 59. d6 1-0

[Event "Women's Speed Chess Main"]
[Site "chess.com INT"]
[Date "2021.06.12"]
[Round "1.24"]
[White "Koneru, Humpy"]
[Black "Assaubayeva, Bibisara"]
[Result "1/2-1/2"]
[WhiteTitle "GM"]
[BlackTitle "IM"]
[WhiteElo "2586"]
[BlackElo "2389"]
[WhiteFideId "5008123"]
[BlackFideId "13708694"]
[EventDate "2021.06.12"]

1. d4 Nf6 2. c4 g6 3. Nc3 Bg7 4. e4 c5 5. Nf3 O-O 6. Be2 d6 7. O-O Bg4 8. d5 e6
9. dxe6 fxe6 10. Ng5 Bxe2 11. Qxe2 Qe7 12. e5 dxe5 13. Qxe5 Re8 14. Re1 Nc6 15.
Qg3 Nd4 16. Bd2 Rad8 17. Rad1 e5 18. Nge4 Nxe4 19. Rxe4 Qf7 20. Nd5 b5 21. b3
bxc4 22. bxc4 Qf5 23. f3 Qxe4 24. fxe4 Ne2+ 25. Kf2 Nxg3 26. hxg3 Rb8 27. Bc3
Re6 28. Ke2 Ra6 29. Rd2 Rb1 30. Nc7 Ra3 31. Rd8+ Kf7 32. Rd7+ Kf8 33. Bd2 Bf6
34. Nd5 Bg7 35. Nc7 Bf6 36. Nd5 Bg7 37. Nc7 1/2-1/2

[Event "Women's Speed Chess Main"]
[Site "chess.com INT"]
[Date "2021.06.12"]
[Round "1.25"]
[White "Assaubayeva, Bibisara"]
[Black "Koneru, Humpy"]
[Result "1-0"]
[WhiteTitle "IM"]
[BlackTitle "GM"]
[WhiteElo "2389"]
[BlackElo "2586"]
[WhiteFideId "13708694"]
[BlackFideId "5008123"]
[EventDate "2021.06.12"]

1. d4 Nf6 2. c4 e6 3. Nc3 Bb4 4. f3 d5 5. a3 Bxc3+ 6. bxc3 O-O 7. cxd5 exd5 8.
e3 c5 9. Bd3 b6 10. Ne2 Ba6 11. O-O Re8 12. Ng3 Bxd3 13. Qxd3 Nc6 14. Bb2 c4 15.
Qd2 h5 16. Rae1 h4 17. Nh1 Re6 18. Nf2 Qe7 19. Re2 Re8 20. Rfe1 Na5 21. e4 Nh5
22. Nh3 Nb3 23. Qc2 f5 24. e5 Rf8 25. Bc1 f4 26. a4 a6 27. Qa2 Nxc1 28. Rxc1 b5
29. Rb1 Rb8 30. Reb2 Reb6 31. Rb4 Qe6 32. axb5 Rxb5 33. Rxb5 axb5 34. Qa5 Qc6
35. Nf2 Ra8 36. Qb4 Ra4 37. Qe7 b4 38. Nd1 b3 39. Qxh4 Qg6 40. Qd8+ Kh7 41. Rc1
Ra2 42. Nf2 Kh6 43. Qh8+ Kg5 44. Nh3+ Kf5 45. Qf8+ Ke6 46. Qd6+ Kf7 47. Qxd5+
Kf8 48. Qd8+ Kf7 49. Ng5+ Qxg5 50. Qxg5 b2 51. Rf1 Ra1 52. Qxh5+ Kg8 53. Qe8+ 1-0

[Event "Women's Speed Chess Main"]
[Site "chess.com INT"]
[Date "2021.06.12"]
[Round "1.26"]
[White "Koneru, Humpy"]
[Black "Assaubayeva, Bibisara"]
[Result "1-0"]
[WhiteTitle "GM"]
[BlackTitle "IM"]
[WhiteElo "2586"]
[BlackElo "2389"]
[WhiteFideId "5008123"]
[BlackFideId "13708694"]
[EventDate "2021.06.12"]

1. d4 Nf6 2. c4 g6 3. Nc3 Bg7 4. e4 c5 5. Nf3 O-O 6. Be2 d6 7. O-O Bg4 8. d5 e6
9. dxe6 fxe6 10. Ng5 Bxe2 11. Qxe2 Qe7 12. e5 dxe5 13. Qxe5 Re8 14. Be3 Nbd7 15.
Qg3 Nb6 16. Nge4 Nxe4 17. Nxe4 Bd4 18. Bxd4 cxd4 19. Qe5 Qg7 20. Qxg7+ Kxg7 21.
Rad1 e5 22. b3 Rad8 23. Rd3 Nd7 24. f4 Nb8 25. fxe5 Rxe5 26. Nd2 Nc6 27. Nf3 Re2
28. Rf2 Re3 29. Rfd2 Rxd3 30. Rxd3 a5 31. a3 Kf6 32. Kf2 Kf5 33. h3 Ke4 34. Ke2
Ne5 35. Nxe5 Kxe5 36. Rf3 Rd7 37. Kd3 Ke6 38. g4 Ke5 39. Rf8 Ke6 40. Rf4 Ke5 41.
Re4+ Kf6 42. h4 h5 43. g5+ Kf5 44. b4 axb4 45. axb4 Rd8 46. c5 Ra8 47. Rxd4 Ra3+
48. Kc4 Ra1 49. b5 Rc1+ 50. Kd5 Rb1 51. b6 Rc1 52. Kd6 Rc2 53. Rd5+ Kg4 54. Kc7
Kxh4 55. Kxb7 Kg3 56. c6 h4 57. c7 h3 58. c8=Q Rxc8 59. Kxc8 h2 60. Rd1 1-0

[Event "Women's Speed Chess Main"]
[Site "chess.com INT"]
[Date "2021.06.12"]
[Round "1.31"]
[White "Assaubayeva, Bibisara"]
[Black "Koneru, Humpy"]
[Result "0-1"]
[WhiteTitle "IM"]
[BlackTitle "GM"]
[WhiteElo "2389"]
[BlackElo "2586"]
[WhiteFideId "13708694"]
[BlackFideId "5008123"]
[EventDate "2021.06.12"]

1. e4 e5 2. Nf3 Nf6 3. Nxe5 d6 4. Nc4 Nxe4 5. Qe2 Qe7 6. Ne3 Nf6 7. b3 Be6 8.
Bb2 Nc6 9. g3 O-O-O 10. Bg2 Qd7 11. d3 d5 12. O-O h5 13. c4 d4 14. Nc2 h4 15. b4
hxg3 16. fxg3 Ng4 17. b5 Na5 18. Nxd4 Bc5 19. Rf4 g5 20. Re4 f5 21. Rxg4 fxg4
22. Kh1 Bxd4 23. Bxd4 Qxd4 24. Qxe6+ Kb8 0-1

[Event "Women's Speed Chess Main"]
[Site "chess.com INT"]
[Date "2021.06.12"]
[Round "1.32"]
[White "Koneru, Humpy"]
[Black "Assaubayeva, Bibisara"]
[Result "0-1"]
[WhiteTitle "GM"]
[BlackTitle "IM"]
[WhiteElo "2586"]
[BlackElo "2389"]
[WhiteFideId "5008123"]
[BlackFideId "13708694"]
[EventDate "2021.06.12"]

1. Nf3 Nf6 2. g3 g6 3. Bg2 Bg7 4. O-O O-O 5. c4 Nc6 6. Nc3 d6 7. Rb1 e5 8. d3
Be6 9. b4 a6 10. a4 Qd7 11. Bg5 h6 12. Bxf6 Bxf6 13. Nd2 Bg7 14. Nd5 f5 15. e3
g5 16. b5 axb5 17. axb5 Nd8 18. b6 c6 19. Nc7 Ra3 20. Nxe6 Nxe6 21. Rb3 Ra2 22.
Rb1 Nc5 23. Nb3 Na4 24. Qc1 Ra8 25. d4 exd4 26. exd4 c5 27. Bd5+ Kh8 28. dxc5
dxc5 29. Re1 Nc3 30. Rb2 Rxb2 31. Qxb2 Nxd5 32. Qd2 Nxb6 33. Qe2 Rf8 34. Nxc5
Qc6 35. Ne6 Re8 36. c5 Nd7 37. h4 Nxc5 0-1

[Event "Women's Speed Chess Main"]
[Site "chess.com INT"]
[Date "2021.06.12"]
[Round "1.33"]
[White "Assaubayeva, Bibisara"]
[Black "Koneru, Humpy"]
[Result "1-0"]
[WhiteTitle "IM"]
[BlackTitle "GM"]
[WhiteElo "2389"]
[BlackElo "2586"]
[WhiteFideId "13708694"]
[BlackFideId "5008123"]
[EventDate "2021.06.12"]

1. d4 Nf6 2. c4 g6 3. Nc3 Bg7 4. e4 d6 5. Be2 O-O 6. Be3 e5 7. d5 Na6 8. g4 Nc5
9. f3 c6 10. h4 cxd5 11. cxd5 Qa5 12. h5 Na4 13. Qxa4 1-0

[Event "Women's Speed Chess Main"]
[Site "chess.com INT"]
[Date "2021.06.12"]
[Round "1.34"]
[White "Koneru, Humpy"]
[Black "Assaubayeva, Bibisara"]
[Result "0-1"]
[WhiteTitle "GM"]
[BlackTitle "IM"]
[WhiteElo "2586"]
[BlackElo "2389"]
[WhiteFideId "5008123"]
[BlackFideId "13708694"]
[EventDate "2021.06.12"]

1. d4 Nf6 2. c4 g6 3. Nc3 Bg7 4. e4 c5 5. Nf3 O-O 6. Be2 d6 7. O-O Bg4 8. d5
Bxf3 9. Bxf3 e6 10. dxe6 Nc6 11. exf7+ Rxf7 12. Bf4 Nd4 13. Be3 Nd7 14. Bg4 Ne5
15. Bxd4 cxd4 16. Nd5 Kh8 17. b3 Qh4 18. f3 Nxg4 19. fxg4 Raf8 20. Rxf7 Rxf7 21.
Qd2 d3 22. Re1 Bd4+ 23. Kh1 Be5 24. g3 Bxg3 25. Rg1 Rf2 26. Qc3+ Be5 0-1

[Event "Women's Speed Chess Main"]
[Site "chess.com INT"]
[Date "2021.06.12"]
[Round "1.35"]
[White "Assaubayeva, Bibisara"]
[Black "Koneru, Humpy"]
[Result "1-0"]
[WhiteTitle "IM"]
[BlackTitle "GM"]
[WhiteElo "2389"]
[BlackElo "2586"]
[WhiteFideId "13708694"]
[BlackFideId "5008123"]
[EventDate "2021.06.12"]

1. d4 d5 2. c4 e6 3. Nc3 Nf6 4. cxd5 Nxd5 5. e4 Nxc3 6. bxc3 c5 7. Rb1 cxd4 8.
cxd4 Be7 9. Nf3 O-O 10. Bc4 b6 11. O-O Bb7 12. Qe2 Nc6 13. Bb2 Rc8 14. Rbd1 Qc7
15. Bd3 Rfd8 16. Bb1 Nb4 17. h3 Ba6 18. Qd2 Bxf1 19. Rxf1 Nc6 20. Qe2 h6 21. d5
Na5 22. dxe6 fxe6 23. e5 Qc4 24. Qe3 Bc5 25. Qe1 Bb4 26. Qe3 Bc5 27. Qe1 Qd5 28.
Nh2 Nc4 29. Bc3 Bd4 30. Ng4 Bxc3 31. Qxc3 h5 32. Ne3 Qxe5 33. Qc2 Nd2 34. Qh7+
Kf7 35. Bg6+ Ke7 36. Re1 1-0

[Event "Women's Speed Chess Main"]
[Site "chess.com INT"]
[Date "2021.06.12"]
[Round "1.36"]
[White "Koneru, Humpy"]
[Black "Assaubayeva, Bibisara"]
[Result "1-0"]
[WhiteTitle "GM"]
[BlackTitle "IM"]
[WhiteElo "2586"]
[BlackElo "2389"]
[WhiteFideId "5008123"]
[BlackFideId "13708694"]
[EventDate "2021.06.12"]

1. d4 Nf6 2. c4 g6 3. Nc3 Bg7 4. e4 c5 5. Nf3 O-O 6. Be2 d6 7. O-O Bg4 8. d5
Bxf3 9. Bxf3 Nbd7 10. Be2 a6 11. Be3 Qc7 12. Qd2 e6 13. dxe6 fxe6 14. Rad1 Ne8
15. Bg4 Ne5 16. Bxe6+ Kh8 17. f4 Nc6 18. Nd5 Qd8 19. e5 Nd4 20. Bxd4 cxd4 21.
Qxd4 dxe5 22. fxe5 Rxf1+ 23. Rxf1 Nc7 24. Bh3 b5 25. b3 bxc4 26. bxc4 Nxd5 27.
cxd5 Qe8 28. Re1 Rd8 29. d6 Qc6 30. Qd3 Qc5+ 31. Qe3 Qa5 32. d7 Bf8 33. Kh1 Bc5
34. Qe2 Be7 35. e6 Kg7 36. Qb2+ Bf6 37. Qf2 Rf8 38. Rf1 Be7 39. Qb2+ Kg8 40.
Rxf8+ Bxf8 41. Qe2 Be7 42. Bg4 h5 43. Bf3 Qf5 44. h3 Qb1+ 45. Kh2 Bd6+ 46. g3
Be7 47. Be4 Qb8 48. h4 Bxh4 49. Qg2 Be7 50. Bxg6 h4 51. Bf7+ Kg7 52. Kh3 Qxg3+
53. Qxg3+ hxg3 54. Kxg3 Kf6 55. Kf4 a5 56. Ke4 Bd8 57. Kd5 Ke7 58. Kc6 Kf6 59.
a4 Ke7 60. Kb7 Kf6 61. Kc8 Ke7 62. Bg8 Bb6 63. Kb7 Bd8 64. Kc6 Kf6 65. Kd6 Be7+
66. Kc7 Kg7 67. Bf7 Kf6 68. d8=Q Bxd8+ 69. Kxd8 Ke5 70. e7 Kd6 71. e8=Q Kc5 72.
Qb5+ Kd4 73. Qxa5 Ke3 74. Qc7 1-0

[Event "Women's Speed Chess Main"]
[Site "chess.com INT"]
[Date "2021.06.12"]
[Round "1.37"]
[White "Assaubayeva, Bibisara"]
[Black "Koneru, Humpy"]
[Result "1-0"]
[WhiteTitle "IM"]
[BlackTitle "GM"]
[WhiteElo "2389"]
[BlackElo "2586"]
[WhiteFideId "13708694"]
[BlackFideId "5008123"]
[EventDate "2021.06.12"]

1. d4 Nf6 2. c4 e6 3. Nc3 d5 4. cxd5 Nxd5 5. e4 Nxc3 6. bxc3 c5 7. Rb1 cxd4 8.
cxd4 Be7 9. Nf3 O-O 10. Bc4 b6 11. O-O Bb7 12. Qe2 Nc6 13. Bb2 Rc8 14. Rbc1 a6
15. Bxa6 Bxa6 16. Qxa6 Nb4 17. Rxc8 Qxc8 18. Qxb6 Nxa2 19. Qb3 Nb4 20. Ba3 Nc6
21. d5 exd5 22. exd5 Bxa3 23. dxc6 Bd6 24. Rc1 Qc7 25. g3 Rd8 26. Qc4 h6 27. Kg2
Rb8 28. Nd4 Rb4 29. Qd5 Qb6 30. Qxd6 Rxd4 31. Qxd4 Qxd4 32. c7 Qe4+ 33. Kg1 1-0

[Event "Women's Speed Chess Main"]
[Site "chess.com INT"]
[Date "2021.06.12"]
[Round "1.38"]
[White "Koneru, Humpy"]
[Black "Assaubayeva, Bibisara"]
[Result "0-1"]
[WhiteTitle "GM"]
[BlackTitle "IM"]
[WhiteElo "2586"]
[BlackElo "2389"]
[WhiteFideId "5008123"]
[BlackFideId "13708694"]
[EventDate "2021.06.12"]

1. d4 Nf6 2. c4 g6 3. g3 Bg7 4. Bg2 O-O 5. Nc3 Nc6 6. e3 d6 7. Nge2 e5 8. O-O
Re8 9. d5 Ne7 10. e4 Rf8 11. h3 Nd7 12. Be3 f5 13. f4 Nf6 14. fxe5 dxe5 15. Kh2
fxe4 16. Nxe4 Nxe4 17. Bxe4 Nf5 18. Bc5 Nd6 19. Bg2 b6 20. Be3 Nxc4 21. Bg1 Nd6
22. Rc1 Bf5 23. g4 Be4 24. Rxf8+ Bxf8 25. Bxe4 Nxe4 26. Qd3 Nd6 27. Ng3 Bh6 28.
Be3 Bf4 29. Bxf4 exf4 30. Ne2 Qh4 31. Qf3 Rf8 32. Rxc7 Qe1 33. Rd7 Nc4 34. d6
Qd2 35. Qe4 f3 36. Qxc4+ Kh8 37. Re7 fxe2 38. Qxe2 Rf2+ 39. Kg3 Rxe2 0-1

[Event "Women's Speed Chess Main"]
[Site "chess.com INT"]
[Date "2021.06.12"]
[Round "1.39"]
[White "Assaubayeva, Bibisara"]
[Black "Koneru, Humpy"]
[Result "1-0"]
[WhiteTitle "IM"]
[BlackTitle "GM"]
[WhiteElo "2389"]
[BlackElo "2586"]
[WhiteFideId "13708694"]
[BlackFideId "5008123"]
[EventDate "2021.06.12"]

1. d4 d5 2. c4 e6 3. Nc3 Nf6 4. cxd5 Nxd5 5. e4 Nxc3 6. bxc3 c5 7. Rb1 cxd4 8.
cxd4 Nc6 9. Nf3 Be7 10. Bc4 O-O 11. O-O b6 12. Bb2 Bb7 13. Qe2 Rc8 14. Rfd1 Na5
15. Bd3 Qc7 16. d5 exd5 17. e5 Nc4 18. Bd4 Rfe8 19. e6 f6 20. Nh4 Bc5 21. Nf5
Bxd4 22. Nxd4 Qe5 23. Qg4 Qg5 24. Qh3 Ne5 25. Qxh7+ Kf8 26. Nf5 Rxe6 27. f4 Qg4
28. fxe5 d4 29. Rd2 Rxe5 30. Qh8+ Kf7 31. Nd6+ Ke7 32. Nxc8+ Bxc8 33. Rc1 Bd7
34. Rf2 Qg5 35. Rcf1 Re3 36. Bf5 Bc6 37. Qc8 Kd6 38. Qd8+ Kc5 39. Rc1+ Rc3 40.
Rxc3+ dxc3 41. Qd1 Qe3 42. Qe2 Qc1+ 43. Rf1 Qb2 44. Qxb2 cxb2 45. Rb1 1-0

[Event "Women's Speed Chess Main"]
[Site "chess.com INT"]
[Date "2021.06.13"]
[Round "1.11"]
[White "Lagno, Kateryna"]
[Black "Gunina, Valentina"]
[Result "1-0"]
[WhiteTitle "GM"]
[BlackTitle "GM"]
[WhiteElo "2558"]
[BlackElo "2436"]
[WhiteFideId "14109336"]
[BlackFideId "4167570"]
[EventDate "2021.06.12"]

1. e4 c6 2. Nc3 d5 3. Nf3 dxe4 4. Nxe4 Nf6 5. Qe2 Nxe4 6. Qxe4 Nd7 7. d4 Nf6 8.
Qf4 g6 9. Bd3 Bg7 10. O-O O-O 11. h3 Qd6 12. Qh4 Rd8 13. Re1 Be6 14. Ng5 Qxd4
15. Qxd4 Rxd4 16. Nxe6 fxe6 17. Rxe6 Kf7 18. Re2 Nd5 19. Re1 Re8 20. Bf1 Nb4 21.
c3 Nc2 22. Re2 Nxa1 23. cxd4 Rd8 24. Bg5 Rd7 25. b3 Bxd4 26. g3 Bc3 27. h4 e5
28. Bh3 Rd1+ 29. Kg2 Bd4 30. Bc8 b6 31. Bb7 c5 32. f4 Rg1+ 33. Kh2 Rf1 34. Bd5+
Ke8 35. fxe5 Rf2+ 36. Rxf2 Bxf2 37. e6 h6 38. Bc6+ Kf8 39. e7+ 1-0